ბათუმის შოთა რუსთაველის სახელმწიფო უნივერსიტეტის ბიბლიოთეკა

მხატვრული თარგმანის თეორიის შესავალი / (ბიბ.ჩანაწერი № 55871)

000 -ლიდერი
ფიქსირებული სიგრძის საკონტროლო ველი 00875nam a2200217Ia 4500
001 - საკონტროლო ნომერი
საკონტროლო ველი 22969
003 - საკონტროლო ნომრის იდენტიფიკატორი
საკონტროლო ველი GE_BSU
005 - ბოლო ოპერაციის თარიღი და დრო
საკონტროლო ველი 20230609150635.0
008 - ფიქსირებული სიგრძის მონაცემთა ელემენტები - ზოგადი ინფორმაცია
ფიქსირებული სიგრძის საკონტროლო ველი 181216s ||||ge |||||||||||||| ||geo||
040 ## - კატალოგიზაციის წყარო
Transcribing agency GE_BSU
041 ## - ენის კოდი
Language code of text/sound track or separate title geo
080 ## - უნივერსალური ათობითი კლასიფიკაციის ინდექსი
Universal Decimal Classification number 81'25(075.8) გ-23
100 ## - მთავარი ჩანაწერი - პიროვნების სახელი
Personal name გაჩეჩილაძე, გივი
9 (RLIN) 5703
245 ## - ცნობა სათაურის შესახებ
Title მხატვრული თარგმანის თეორიის შესავალი /
Statement of responsibility, etc გივი გაჩეჩილაძე ; რედ. გ. ქველაძე.
264 ## - წარმოების, გამოცემის, დისტრიბუციის და სხვა ცნობები
გამოცემის, წარმოების, დისტრიბუციის... ადგილი თბილისი :
გამოცემის, წარმოების, დისტრიბუციის... სახელწოდება [?],
გამოცემის, წარმოების, დისტრიბუციის... თარიღი 1966.
300 ## - ფიზიკური აღწერა
Extent 365 გვ. ;
Dimensions 22 სმ.
653 ## - INDEX TERM--UNCONTROLLED
Uncontrolled term მხატვრული თარგმანის თეორიის შესავალი
700 ## - ADDED ENTRY--PERSONAL NAME
Personal name ქველაძე, გ.
Relator term რედაქტორი
9 (RLIN) 18600
942 ## - ADDED ENTRY ELEMENTS (KOHA)
Koha item type წიგნი
Source of classification or shelving scheme
ეგზემპლარები
ჩამოწერის სტატუსი დაკარგული ეგზემპლარის სტატუსი კლასიფიკაციის წყარო ან თაროზე გაწყობის სქემა დაზიანების სტატუსი არ გაიცემა მუდმივი მდებარეობა (დაცვის ადგილი) ამჟამინდელი ადგილსამყოფელი თაროზე განთავსების ადგილი შეძენის თარიღი ღირებულება, შესყიდვის ნორმალური ფასი სრული შენახვის შიფრი შტრიხკოდი ბოლო ოპერაციის თარიღი ეგზემპლარის მიმდევრობითი ნომერი (კეტერი?) ფასის ძალაში შესვლის თარიღი ეგზემპლარის სახეობა საჯარო შენიშვნა
          ბათუმის შოთა რუსთაველის სახელმწიფო უნივერსიტეტის მთავარი ბიბლიოთეკა ბათუმის შოთა რუსთაველის სახელმწიფო უნივერსიტეტის მთავარი ბიბლიოთეკა წიგნსაცავი 2018-12-17 2.20 81'25(075.8) გ-23 58377 2018-12-17 58377 2018-12-17 წიგნი 2.20 ₾.